|
|
|
|
| LEADER |
00000nab a2200000 a 4500 |
| 001 |
vtls000415525 |
| 003 |
SK-MaSNL |
| 005 |
20260303215907.0 |
| 008 |
230120c1991 xo 0 cze |
| 015 |
|
|
|a SNBRB19rr/mm-uuuuu
|
| 035 |
|
|
|a CL0415650
|
| 035 |
|
|
|a urn:nbn:sk:snk-abamp9
|
| 035 |
|
|
|a (urnnbn)urn:nbn:sk:snk:ar-a0al67
|
| 035 |
|
|
|a (uuid)70c9a475-1735-4273-b1dc-3328ebe7f3e1
|
| 040 |
|
|
|a SNKBUCL
|b slo
|c SNKBUCL
|e AACR2
|
| 041 |
0 |
|
|a cze
|
| 044 |
|
|
|a xo
|c SK
|
| 080 |
|
|
|a 614.8:636
|2 1981
|
| 080 |
|
|
|a 636
|2 1981
|
| 100 |
1 |
|
|a Filip, Jaroslav
|c (bezpečnosť práce)
|4 aut
|9 241703
|
| 245 |
1 |
0 |
|a Pracovné úrazy při technologických operacích v živočišné výrobě
|c Jaroslav Filip
|
| 300 |
|
|
|b Tb. 4., lit. 3 zázn. v češ.
|
| 650 |
0 |
7 |
|a živočíšna výroba
|2 snkbucl
|9 2836
|
| 650 |
0 |
7 |
|a pracovné úrazy
|2 snkbucl
|9 1713
|
| 655 |
|
7 |
|a články z novín a časopisov
|2 snkbucl
|9 267496
|
| 773 |
0 |
|
|t Bezpečná práca
|g Roč. 22, č. 2 (1991), s. 76-79
|
| 850 |
|
|
|a Slovenská národná knižnica v Martine
|a MTA001
|
| 852 |
|
|
|a SNK
|b KIS3GCP
|
| 954 |
|
|
|a odborná, vedecká literatúra cudzojazyčná (svetová)
|2 lita
|
| 958 |
|
|
|a RK
|
| 958 |
|
|
|a MI
|
| 958 |
|
|
|a OND
|
| 958 |
|
|
|a EUIPO
|
| 958 |
|
|
|a article14
|
| 992 |
|
|
|a RBX
|
| 999 |
|
|
|c 2223882
|d 2225812
|